MARC

LEADER 00000nam0a2200000 4500
001 38500
005 20231031010123.0
035 |a (RuTPU)RU\TPU\book\39258 
090 |a 38500 
100 |a 20020306d1982 km y0rusy50 ca 
101 1 |a rus  |c eng 
102 |a RU 
105 |a a z 001zy 
200 1 |a Металлургическая термохимия  |e пер. с англ.  |f О. Кубашевский, С. Б. Олкокк 
210 |a Москва  |c Металлургия  |d 1982 
215 |a 391 с.  |c ил. 
610 1 |a металлургия 
610 1 |a металлургические процессы 
610 1 |a химическая термодинамика 
610 1 |a физико-механические свойства 
610 1 |a физико-химические основы 
610 1 |a термохимия 
610 1 |a библиотека А. Г. Стромберга 
675 |a 669:54  |v 3 
700 1 |a Кубашевский  |b О. 
701 1 |a Олкокк  |b С. Б. 
801 1 |a RU  |b 63413507  |c 20020306  |g PSBO 
801 2 |a RU  |b 63413507  |c 20170913  |g PSBO 
942 |c BK